Obálka Náhled e-knihy:
PDF Epub
Pro půjčování e-knih musíte být přihlášeni.
Jak si půjčit online?

Neotvírat!!!. Rezavé! /

Humorný příběh tří kamarádů, na které v balíčku čeká další tajemný tvor.

Uloženo v:
Série:Neotvírat!, část 6
Hlavní autor: Habersack, Charlotte, 1966- (Autor)
Další autoři: Bertrand, Fréderic, 1981- (Autor), Zündorf, Iva, 1962- (Ilustrátor)
Médium: E-kniha
Jazyk:Czech
Vydáno: Praha : Dobrovský s.r.o., 2022
Edice:Drobek
Témata:
On-line přístup:Online verze
Příbuzné jednotky:Přeloženo z: Bitte nicht öffnen!
Z cyklu:: Neotvírat!
Tagy:
Žádné tagy
LEADER 02807nam a2200541 i 4500
001 311556
003 CZ PrSKC
005 20260601215707.0
007 ta
008 220412s2022 xr a b 000 j cze
015 |a cnb003416633 
020 |a 9788027703883  |q (vázáno) 
035 |a (OCoLC)1329408326 
040 |a ABG001  |b cze  |e rda 
041 1 |a cze  |h ger 
072 7 |a 821.112.2-3  |x Německá próza, německy psaná  |2 Konspekt 
072 7 |a 821-93  |x Literatura pro děti a mládež (beletrie)  |2 Konspekt 
080 |a 821.112.2-32  |2 MRF 
080 |a 821-93  |2 MRF 
080 |a (0:82-32)  |2 MRF 
100 1 |a Habersack, Charlotte,  |d 1966-  |7 ola2010548502  |4 aut 
240 1 0 |a Rostig!.  |l Česky 
245 1 0 |a Neotvírat!!!.  |p Rezavé! /  |c Charlotte Habersack ; ilustrace Fréderic Bertrand ; z německého originálu Bitte nicht öffnen! Rostig! přeložila Iva Zündorf 
246 3 0 |a Neotvírat!!! Rezavé! 
246 3 0 |a Rezavé! 
264 1 |a Praha :  |b Dobrovský s.r.o.,  |c 2022 
300 |a 205 stran :  |b ilustrace ;  |c 21 cm 
336 |a text  |b txt  |2 rdacontent 
337 |a bez média  |b n  |2 rdamedia 
338 |a svazek  |b nc  |2 rdacarrier 
490 1 |a Drobek 
500 |a Na hřbetu číslo svazku v sérii: 6 
520 2 |a Humorný příběh tří kamarádů, na které v balíčku čeká další tajemný tvor.  |b Konečně přišel nový balíček! Robot z cizí planety! Zdá se, že s ním mizí zemská přitažlivost. Ale jak se to dá zastavit? Tady snad pomůže jen pan Horáček z hračkářství na náměstí. Kam ale zmizel? V hračkářství už je několik dní zavřeno a nikdo nevěří, že tady něco nehraje! Jedno je jasné: Nemo, Otka a Béda musí živou hračku rychle vrátit, kam patří. Jinak celý Suchopár uletí, kdo ví kam. Nakladatelská anotace. Kráceno. 
655 7 |a německé příběhy  |7 fd132944  |2 czenas 
655 7 |a publikace pro děti  |7 fd133156  |2 czenas 
655 9 |a German stories  |2 eczenas 
655 9 |a children's literature  |2 eczenas 
700 1 |a Bertrand, Fréderic,  |d 1981-  |7 ola2015871441  |4 ill 
700 1 |a Zündorf, Iva,  |d 1962-  |7 jn20001227745  |4 trl 
765 0 |t Bitte nicht öffnen! 
787 0 8 |i Z cyklu:  |t Neotvírat!  |g 6 
830 0 |a Drobek 
856 4 1 |u https://www.bookport.cz/kniha/neotvirat-rezave-11783/  |y Online verze  |4 N 
900 |a ABA001  |b 20 
044 |a xr 
910 |a RBIT002 
998 |d 351869  |a https://core.palmknihy.cz/api/books/351869/cover?rbbjkf  |b https://core.palmknihy.cz/api/books/351869/cover/400?rbbjkf  |c https://core.palmknihy.cz/api/books/351869/cover/50?rbbjkf  |e 2026-06-16  |g 240  |i 9788027703883  |j https://core.palmknihy.cz/api/books/351869/preview.epub  |k https://core.palmknihy.cz/api/books/351869/preview.pdf  |l   |q 49  |r 1  |s https://www.palmknihy.cz/kniha/351869  |t ebook  |y 2022  |z 0  |v Neotvírat!  |w 6 
999 |d 311554